مكتبة جامعة عجلون الوطنية

فهرس بحث المكتبة

المبادئ القانونية لمحكمة التميز في القضايا الحقوقية المنشورة في مجلة نقابة المحامين منذ بداية سنة 1963 حتى نهاية سنة 1970، الجزءالثاني، القسم الاول ( أ-خ) (Record no. 24104)

MARC details
000 -LEADER
fixed length control field 01084nam a2200193Ii 4500
003 - CONTROL NUMBER IDENTIFIER
control field JO-AjNU
008 - FIXED-LENGTH DATA ELEMENTS--GENERAL INFORMATION
fixed length control field 230605s9999||||xx |||||||||||||| ||und||
040 ## - CATALOGING SOURCE
Original cataloging agency JO-AjNU
Language of cataloging ara
Description conventions rda
Transcribing agency JO-AjNU
041 ## - LANGUAGE CODE
Language code of text/sound track or separate title ara
050 14 - LIBRARY OF CONGRESS CALL NUMBER
Classification number KMM467.5.H3284 1970
100 3# - MAIN ENTRY--PERSONAL NAME
Personal name إعداد حداد، تركي,
Relator term author
9 (RLIN) 47098
245 00 - TITLE STATEMENT
Title المبادئ القانونية لمحكمة التميز في القضايا الحقوقية المنشورة في مجلة نقابة المحامين منذ بداية سنة 1963 حتى نهاية سنة 1970، الجزءالثاني، القسم الاول ( أ-خ)
264 31 - PRODUCTION, PUBLICATION, DISTRIBUTION, MANUFACTURE, AND COPYRIGHT NOTICE
Place of production, publication, distribution, manufacture عمان: نقابة المحامين، 1970
300 ## - PHYSICAL DESCRIPTION
Extent ج2، القسم الاول( أ-خ)، 2100ص
Other physical details يشتمل على فهارس (فهرس المواضيع، فهرس القضايا )
336 ## - CONTENT TYPE
Content type term text
Content type code txt
Source rdacontent
337 ## - MEDIA TYPE
Media type term unmediated
Media type code n
Source rdamedia
338 ## - CARRIER TYPE
Carrier type term volume
Carrier type code nc
Source rdacarrier
650 #4 - SUBJECT ADDED ENTRY--TOPICAL TERM
Topical term or geographic name entry element محاكم النقض والابرام -- الاردن (قانون المرافعات ) -- الاردن -- الاردن -- محكمة التمييز
9 (RLIN) 47099
Holdings
Withdrawn status Lost status Source of classification or shelving scheme Damaged status Not for loan Home library Current library Shelving location Date acquired Total Checkouts Full call number Barcode Date last seen Price effective from Koha item type
    Library of Congress Classification     مكتبة جامعة عجلون الوطنية مكتبة جامعة عجلون الوطنية المجموعات العامة 06/06/2023   KMM467.5.H3284 1970 A20536 06/06/2023 06/06/2023 Books